The Gospel of John : Contemporary Readings (Record no. 23606)
[ view plain ]
| 000 -LEADER | |
|---|---|
| fixed length control field | 01480cam a2200193 i 4500 |
| 020 ## - INTERNATIONAL STANDARD BOOK NUMBER | |
| ISBN | 9789351484004 |
| 020 ## - INTERNATIONAL STANDARD BOOK NUMBER | |
| ISBN | 9351484009 |
| 020 ## - INTERNATIONAL STANDARD BOOK NUMBER | |
| ISBN | 9789351484011 |
| 082 ## - DEWEY DECIMAL CLASSIFICATION NUMBER | |
| Classification number | 226.506 |
| Author Cutter | THO |
| 100 1# - MAIN ENTRY--AUTHOR NAME | |
| Author name | Thomaskutty, Johnson, |
| 245 14 - TITLE STATEMENT | |
| Title | The Gospel of John : Contemporary Readings |
| 260 ## - PUBLICATION, DISTRIBUTION, ETC. (IMPRINT) | |
| Place of publication | Banglore |
| Name of publisher | Omega Book World |
| Year of publication | 2023 |
| 300 ## - PHYSICAL DESCRIPTION | |
| Number of Pages | xix, 302 pages ; |
| 490 1# - SERIES STATEMENT | |
| Series statement | Biblical hermeneutics rediscovered ; |
| 505 0# - FORMATTED CONTENTS NOTE | |
| Formatted contents note | Part 1. Universalistic Linguistics and Literary Characteristics of John -- Part 2. Universalistic Nature of Themes and Characters in John -- Part 3. Dynamic Localization: Johannine Texts and the Contexts. |
| 520 ## - SUMMARY, ETC. | |
| Summary, etc | The Fourth Gospel functions as a literary masterpiece that facilitates a narrative beyond the time and space aspects. The Gospel's linguistic phenomena and stylistic aspects are peculiar as they attune the attention of the readers to a dramatic and ideological world of its own. The connection between the narrator and the readers is established from an eternal vantage point as the narrator directs the readers towards atemporal and universal realities. The peculiar linguistic and idiosyncratic techniques of the narrator have the power to absorb the attention of the readers not only from a 'there and then' and 'here and now' senses but also from an 'everywhere and ever' perspective. In that sense, the Fourth Gospel functions as a gnomic and universalistic artistry. (Publisher). |
| 942 ## - ADDED ENTRY ELEMENTS (KOHA) | |
| Koha item type | Books |
| 700 1# - | |
| -- | Anderson, Paul N., |
| Home library | Current library | Shelving location | Date acquired | Source of acquisition | Cost, normal purchase price | Full call number | Accession Number | Koha item type |
|---|---|---|---|---|---|---|---|---|
| Henry Martyn Institute Library | Henry Martyn Institute Library | General stacks | 10/06/2025 | Director | 700.00 | 226.506 THO | 11004788 | Books |
